vampire (Lyrics)- Olivia Rodrigo - Statistics

General Stats
  • This quiz has been taken 125 times
    99 since last reset
  • The average score is 330 of 392
Answer Stats
Answer % Correct
a
98%
fame
98%
at
96%
how
96%
How
96%
(How
96%
I
96%
Look
96%
look
96%
me
96%
the
96%
The
96%
to
96%
you
96%
You
96%
your
96%
as
93%
As
93%
do
93%
God
93%
Hate
93%
hate
93%
it
93%
like
93%
vampire
93%
Bloodsucker
91%
But
91%
but
91%
fucker
91%
goddamn
91%
know
91%
made
91%
naive
91%
so
91%
way
91%
fine
89%
I've
89%
mistakes
89%
now
89%
oh
89%
Oh
89%
one
89%
real
89%
smart
89%
some
89%
think
89%
was
89%
worst
89%
you're
89%
You're
89%
about?
87%
big
87%
for
87%
give
87%
into
87%
satisfaction
87%
used
87%
asking
85%
care
85%
doing
85%
dry
85%
got
85%
out
85%
pretend
85%
teeth
85%
Bleedin'
83%
guy
83%
parts
83%
sold
83%
when
83%
Can't
80%
can't
80%
'Cause
80%
'cause
80%
come
80%
cool
80%
night
80%
of
80%
only
80%
them
80%
and
78%
And
78%
be
78%
called
78%
crazy
78%
girl
78%
lie
78%
lie?
78%
lie?)
78%
make
78%
people
78%
strange
78%
too
78%
what
78%
castle
76%
Just
76%
just
76%
love
76%
that
76%
sunk
74%
wanted
74%
bad
72%
How's
72%
known
72%
should've
72%
better
70%
built
70%
ever
70%
never
70%
news
70%
age
67%
every
67%
her
67%
stupidity
67%
told
67%
without
67%
convincing
65%
laugh
65%
see
65%
talked
65%
were
65%
flinching?
63%
girls
63%
had
63%
said
63%
true
63%
would
63%
anyone
61%
eyes
61%
gotta
61%
my
61%
paradise
61%
close
59%
heart
59%
loved
59%
mean
59%
not
59%
truly
59%
wouldn't
59%
figure
57%
forbidden
57%
fucked
57%
knows
57%
sometimes
57%
will
57%
diamonds
54%
hard?
54%
little
54%
months
54%
off
54%
Six
54%
torture
54%
up
54%
parties
52%
thrill
52%
tried
50%
understand
50%
'em
46%
help
46%
mesmerizing
41%
paralyzing
41%
(Ah)
37%
thing
37%
I'll
35%
kind
35%
Went
35%
think's
33%
No matching quizzes found
Score Distribution
Percent of People with Each Score
Percentile by Number Answered
Your Score History
You have not taken this quiz since the last reset